00523nam a2200193Ii 450000100060000000300090000600800410001502000150005604000330007104100080010408200150011210000370012724500330016426400390019730000120023633600260024833700280027433800270030211812CO-ViMGA241108s9999||||xx |||||||||||||| ||und|| a8428314713 aCO-ViMGAbspaerdacCO-ViMGA0 aspa04a629.8 A6911 aJosé María Angulo Usátegui10aGuía fácil de Robótica 1aMadrid, España : Paraninfo, 1986 avolumen atextbtxt2rdacontent aunmediatedbn2rdamedia avolumebnc2rdacarrier